CHERUB - Statistics

General Stats
  • This quiz has been taken 117 times
  • The average score is 16 of 22
Answer Stats
Hint Answer % Correct
What colour T-shirt is for guests? Orange
100%
James' surname before getting into CHERUB Choke
97%
Who (mainly) taught James to swim? Amy Collins
95%
Lauren's best friend, James can't stand them Bethany Parker
93%
Who eventually replaced Mac as head of CHERUB? Zara Asker
93%
James' first mission controller Ewart Asker
90%
What country is 'Rat' from? Australia
89%
Keith Moore's youngest son Keith (Junior) Moore
89%
The first name of James' basic training instuctor Norman
89%
In what US state is the max-security prison located? Arizona
88%
And the brother of the above? Jake Parker
86%
The bald mission controller John Jones
75%
What green-friendly terrorist group constantly appear in the series? Help Earth
70%
In the 4th book, what is Michael Patel's job? Policeman
68%
The name of the religious cult in the 5th book The Survivors
68%
Ukrainian training instructor Yosyp Kazakov
68%
Who is Kyle's first proper boyfriend (that we know of)? Tom Carter
54%
Which small gang did Sasha Thompson use to do his dirty work? The Runts
49%
To whom did James lose his virginity? (Hint: in a bath) Lois Thompson
48%
Who is the leader of the Slasher Boys? Major Dee
42%
How many passengers were killed in 'The Sleepwalker'? 345
30%
Who did Dennis Obidin do business with? (this person eventually had him killed) Lord Hilton
11%
No matching quizzes found
Score Distribution
Percent of People with Each Score
Percentile by Number Answered
Your Score History
You have not taken this quiz